'O' Celebrity Images Quiz Stats

 Plays Quiz Updated Dec 14, 2018

Support Sporcle.
Go Orange.
Score 0/20 Timer 05:00
5 Plays Today
% Correct
Michelle Obama
96.9%
Ozzy Osbourne
94.1%
Mary-Kate and Ashley Olsen
93.4%
Donny and Marie Osmond
74.6%
Yoko Ono
72.3%
Sandra Oh
59.1%
Haley Joel Osment
55.4%
Roy Orbison
51%
Gary Oldman
44.9%
David Ortiz
41.3%
% Correct
Lamar Odom
41.2%
Bobby Orr
38.2%
Patton Oswalt
34.6%
Clive Owen
33.8%
John Oliver
27.5%
Jerry Orbach
27.3%
Edward James Olmos
26.3%
Nick Offerman
24.3%
Cheri Oteri
18.8%
Timothy Olyphant
17.4%

From the Vault

Click the Louisiana Purchase States

by sproutcm

History 3m
In 1803 the United States purchased the Louisiana Territory from France at a price of $15 million. Today we are pretty sure it would be worth at least twice that amount.
Remove Ads.
Support Sporcle.
Get the best of Sporcle when you Go Orange. This ad-free experience offers more features, more stats, and more fun while also helping to support Sporcle. Thank you for becoming a member.

Show Comments

Extras

Top Quizzes Today


Score Distribution

Your Account Isn't Verified!

In order to create a playlist on Sporcle, you need to verify the email address you used during registration. Go to your Sporcle Settings to finish the process.

Report this User

Report this user for behavior that violates our Community Guidelines.

Details: